Liedtext "Bochum" von Herbert Grönemeyer - Statistiken

Allgemein
  • Dieses Quiz wurde 170 mal gespielt
  • Das Durchschnittsergebnis liegt bei 14 aus 29
Antwortstatistiken
Hint Antwort % Korrekt
Tief im Westen
99%
ist es besser viel besser
73%
Du bist keine
68%
Schönheit, vor Arbeit ganz grau
67%
Bochum, ich komm aus dir Bochum
66%
wo die Sonne verstaubt
64%
bist 'ne ehrliche Haut
56%
Dein Grubengold
55%
macht dich aus. Du hast'n Pulsschlag
53%
Du liebst dich ohne Schminke
50%
auf deiner Königsallee
48%
hat uns wieder hochgeholt, du Blume im Revier
47%
als man glaubt. Tief im Westen
46%
leider total verbaut aber gerade das
45%
in der Nacht. Du bist einfach zu bescheiden
44%
aus Stahl. Man hört ihn laut
43%
Bochum. Du bist keine Weltstadt
43%
schon in Düsseldorf
41%
deine Laube. Machst mit 'nem Doppelpass
40%
große Geld. Wer wohnt
39%
ich häng an dir Glück auf
38%
wo das Herz noch zählt nicht das
37%
jeden Gegner nass Du
36%
und ständig auf Koks
36%
und dein VfL
32%
Du bist das Himmelbett
31%
Hast im Schrebergarten
30%
für Tauben
30%
finden keine Modenschau'n statt Hier
24%
Keine übereinstimmenden Quizze gefunden
Verteilung der Resultate
Anzahl Personen mit jedem Resultat
Perzentil nach korrekt beantworteten Fragen
Ihre Resultats-Entwicklung
Sie haben dieses Quiz noch nicht gespielt